Hamilton Lyrics Sort #8 - Right Hand Man - Statistics

General Stats
  • This quiz has been taken 13 times
  • The average score is 27 of 126
Answer Stats
Hint Answer % Correct
Line 1 British Admiral Howe's got troops
80%
Line 6 As a kid in the Caribbean, I wished for a war
60%
Line 3 Thirty-two thousand troops in New York Harbour (thirty-two thousand troops in New York Harbour)
60%
Line 4 When they surround our troops, they surround our troops [1]
60%
Line 5 When they surround our troops, (they surround our troops) [2]
60%
Line 12 But there's only one man who can give us a command, so we can rise up
40%
Line 10 I am either gonna die on the battlefield in glory or rise up
40%
Line 8 I knew it was the only way to rise up
40%
Line 7 I knew that I was poor
40%
Line 11 I will fight for this land
40%
Line 2 Thirty-two thousand troops in New York Harbour
40%
Line 13 Understand? It's the only way to rise up, rise up
40%
Line 63 Aaron Burr, sir
20%
Line 48 And boom, goes the cannon, we're abandonin' Kips Bay
20%
Line 49 And boom, there's another ship
20%
Line 51 And boom, we gotta run to Harlem quick, we can't afford another slip
20%
Line 50 And boom, we just lost the southern tip
20%
Line 67 And well, in summary
20%
Line 33 Any hope of success is fleeting
20%
Line 57 Are these the men with which I am to defend America?
20%
Line 77 As I was saying, sir, I look forward to seeing your strategy play out
20%
Line 65 As you were
20%
Line 23 Ayo, I'm gonna need a right-hand man (buck, buck, buck, buck, buck!) [1]
20%
Line 41 Ayo, I'm gonna need a right-hand man (buck, buck, buck, buck, buck!) [2]
20%
Line 105 Ayo, I'm just like my country, I'm young, scrappy and hungry!
20%
Line 126 Boom!
20%
Line 114 (Boom!) I'll write to Congress and tell 'em we need supplies
20%
Line 78 Burr?
20%
Line 24 Check it, can I be real a second?
20%
Line 116 (Chicka-boom!) I'll rise above my station, organize your information
20%
Line 80 Close the door on your way out
20%
Line 88 Don't get me wrong, you're a young man of great renown
20%
Line 25 For just a millisecond
20%
Line 52 Guns and horses giddyup
20%
Line 75 Hamilton, come in, have you met Burr?
20%
Line 86 Hamilton, how come no one can get you on their staff?
20%
Line 46 Hamilton won't abandon ship, yo, let's steal their cannons
20%
Line 81 Have I done something wrong, sir?
20%
Line 95 Head full of fantasies of dying like a martyr?
20%
Line 118 Here comes the General [1]
20%
Line 120 Here comes the General [2]
20%
Line 122 Here comes the General [3]
20%
Line 124 Here comes the General [4]
20%
Line 18 (Here comes the General!) George Washington!
20%
Line 14 Here he comes
20%
Line 34 How can I keep leading when the people I'm leading keep retreating?
20%
Line 69 I admire how you keep firing on the British from a distance (huh)
20%
Line 103 I am not throwing away my shot! [1]
20%
Line 104 I am not throwing away my shot! [2]
20%
Line 106 I am not throwing away my shot! [3]
20%
Line 83 I called you here because our odds are beyond scary
20%
Line 59 I cannot be everywhere at once, people!
20%
Line 53 I decide to divvy up my forces
20%
Line 9 If they tell my story
20%
Line 109 I have some friends, Laurens, Mulligan
20%
Line 70 I have some questions, a couple of suggestions
20%
Line 89 I know you stole British cannons when we were still downtown
20%
Line 99 I'm being honest
20%
Line 60 I'm in dire need of assistance
20%
Line 100 I'm working with a third of what our Congress has promised
20%
Line 42 Incoming!
20%
Line 102 I need someone like you to lighten the load, so?
20%
Line 56 I scream in the face of this mass mutiny
20%
Line 68 I think that I could be of some assistance
20%
Line 93 It's alright, you wanna fight, you've got a hunger
20%
Line 94 I was just like you when I was younger
20%
Line 36 Knight takes rook, but look
20%
Line 26 Let down my guard and tell the people how I feel a second?
20%
Line 45 Let's take a stand with the stamina God has granted us
20%
Line 110 Marquis de Lafayette, okay, what else?
20%
Line 90 Nathaniel Green and Henry Knox wanted to hire you
20%
Line 27 Now, I'm the model of a modern major general
20%
Line 92 Now why are you upset? I'm not
20%
Line 71 On how to fight instead of fleeing west
20%
Line 82 On the contrary
20%
Line 20 Outmanned (what?) [1]
20%
Line 38 Outmanned (what?) [2]
20%
Line 111 Outnumbered, outplanned!
20%
Line 21 Outnumbered, outplanned (buck, buck, buck, buck, buck!) [1]
20%
Line 39 Outnumbered, outplanned (buck, buck, buck, buck, buck!) [2]
20%
Line 64 Permission to state my case?
20%
Line 119 Rise up! (What?) [1]
20%
Line 121 Rise up! (What?) [2]
20%
Line 123 Rise up! (What?) [3]
20%
Line 47 Shh-boom, goes the cannon, watch the blood and the shit spray, and
20%
Line 79 Sir? [1]
20%
Line 85 Sir? [2]
20%
Line 87 Sir! [3]
20%
Line 66 Sir, I was a captain under General Montgomery until he caught a bullet in the neck in Quebec
20%
Line 113 Some king's men who might let some things slide
20%
Line 107 Son, we are outgunned, outmanned
20%
Line 31 The elephant is in the room
20%
Line 32 The truth is in your face when you hear British cannons go boom!
20%
Line 28 The venerated Virginian veteran
20%
Line 43 They're battering down the battery, check the damages (rah!)
20%
Line 54 They're skittish as the British cut the city up
20%
Line 55 This close to givin' up, facing mad scrutiny
20%
Line 117 Til we rise to the occasion of our new nation, sir!
20%
Line 101 We are a powder keg about to explode
20%
Line 19 We are outgunned (what?) [1]
20%
Line 37 We are outgunned (what?) [2]
20%
Line 22 We gotta make an all out stand [1]
20%
Line 40 We gotta make an all out stand [2]
20%
Line 44 We gotta stop 'em and rob 'em of their advantages (rah!)
20%
Line 112 We need some spies on the inside
20%
Line 35 We put a stop to the bleeding as the British take Brooklyn
20%
Line 58 We ride at midnight, Manhattan in the distance
20%
Line 125 (What?) And his right-hand man!
20%
Line 62 Who are you?
20%
Line 29 Whose men are all lining up, to put me on a pedestal
20%
Line 98 Why are you telling me this?
20%
Line 30 Writin' letters to relatives, embellishin' my elegance and eloquence, but
20%
Line 91 Yeah, to be their Secretary? I don't think so
20%
Line 76 Yes, sir, we keep meeting
20%
Line 108 You need all the help you can get
20%
Line 115 You rally the guys, master the element of surprise
20%
Line 61 Your Excellency, sir!
20%
Line 74 Your Excellency, you wanted to see me?
20%
Line 84 Your reputation precedes you, but I have to laugh
20%
Line 97 Dying is easy, young man, living is harder
0%
Line 15 (Here comes the General!) Ladies and gentlemen!
0%
Line 16 (Here comes the General!) The moment you've been waiting for!
0%
Line 17 (Here comes the General!) The pride of Mount Vernon!
0%
Line 73 Well-
0%
Line 72 Yes? [1]
0%
Line 96 Yes [2]
0%
No matching quizzes found
Score Distribution
Percent of People with Each Score
Percentile by Number Answered
Your Score History
You have not taken this quiz